Gaming Quiz

Random Gaming or Card Games Quiz

Which Poker Hand? Quiz Stats

 Plays Quiz Updated Jun 6, 2018

Score 0/9 Timer 01:00
5 Plays Today
Question Answer Wrong Answers
Which hand is a Four of a Kind?
95.7%
0.3%
0.2%
0.3%
Which hand is a Pair?
94.6%
0.3%
1.2%
0.4%
Which hand is a Full House?
94.6%
0.6%
0.9%
0.3%
Which hand is a Straight Flush?
94.5%
0.8%
0.3%
1%
Which hand is a Straight?
94.3%
0.4%
1.5%
0.3%
Which hand is Two Pair?
94.2%
0.3%
1.9%
0.2%
Which Hand is a Flush?
91.7%
1.3%
1.4%
1.5%
Which hand is a Three of a Kind?
83.8%
0.7%
12.3%
0.2%
Which hand is High Card?
80.4%
2.6%
9.6%
3.9%

You're not logged in!

Compare scores with friends on all Sporcle quizzes.
OR
Log In

Show Comments

Extras

Top Quizzes Today


Score Distribution

Your Account Isn't Verified!

In order to create a playlist on Sporcle, you need to verify the email address you used during registration. Go to your Sporcle Settings to finish the process.

Report this User

Report this user for behavior that violates our Community Guidelines.

Details: